[Event "POR SuperCup"]
[Site "Viseu"]
[Date "2004.02.14"]
[Round "1.1"]
[White "Spraggett, Kevin"]
[Black "Fernandes, Antonio"]
[Result "0-1"]
[WhiteElo "2537"]
[BlackElo "2418"]
[PlyCount "52"]
[EventDate "2004.02.14"]
[Source "Roberto Alvarez"]
[SourceDate "2004.03.01"]

1. e4 c5 2. Nf3 d6 3. d4 cxd4 4. Nxd4 Nf6 5. Nc3 a6 6. Bg5 e6 7. Qe2 h6 8. Bh4 g5 9. Bg3 Nbd7 10. h4 Rg8 11. hxg5 hxg5 12. O-O-O Qc7 13. f3 Ne5 14. Be1 Bd7 15. g3 O-O-O 16. f4 Nc6 17. Nf3 gxf4 18. gxf4 Be7 19. Bf2 d5 20. e5 Ne4 21. Nxe4 dxe4 22. Nd4 Nb4 23. a3 Nd3+ 24. Rxd3 exd3 25. Qxd3 Bc5 26. Qd1 Ba4 0-1

[Event "Niksic"]
[Site "Niksic"]
[Date "1991.??.??"]
[Round "7"]
[White "Vukovic, Zdravko"]
[Black "Akopian, Vladimir"]
[Result "0-1"]
[WhiteElo "2395"]
[BlackElo "2555"]
[PlyCount "80"]
[EventDate "1991.04.??"]
[Source "ChessBase"]

1. e4 c5 2. Nf3 d6 3. d4 cxd4 4. Nxd4 Nf6 5. Nc3 a6 6. Bg5 e6 7. Be2 Be7 8. Qd3 b5 9. Bf3 Ra7 10. O-O O-O 11. Rfd1 Rc7 12. a4 bxa4 13. Nxa4 Nbd7 14. Bd2 Ne5 15. Qe2 Rd7 16. Qe1 Bb7 17. Ba5 Qb8 18. Nc3 Qa8 19. Na4 Qb8 20. Nc3 Nc4 21. Be2 Rc8 22. Bxc4 Rxc4 23. Na4 e5 24. Nf5 Rxe4 25. Qc3 Bf8 26. Qh3 Bc6 27. Nc3 Rg4 28. Ne3 Rg6 29. Ncd5 Nxd5 30. Nxd5 Rb7 31. b4 Qe8 32. c4 Qe6 33. Qf3 Qe8 34. g3 Rb8 35. Qe2 Bb7 36. b5 axb5 37. cxb5 Rc8 38. Bb6 Qe6 39. Ne3 d5 40. Ba5 d4 0-1

[Event "YUG-chT"]
[Site "?"]
[Date "1998.??.??"]
[Round "8"]
[White "Ivanovic Bozidar"]
[Black "Savanovic Aleksandar"]
[Result "1-0"]
[WhiteElo "2515"]
[BlackElo "2435"]
[PlyCount "63"]
[EventDate "1998.??.??"]
[Source "www.chesslib.no"]
[SourceDate "2004.05.04"]

1. e4 c5 2. Nf3 d6 3. d4 cxd4 4. Nxd4 Nf6 5. Nc3 a6 6. Bg5 e6 7. Qf3 h6 8. Bh4 Nbd7 9. O-O-O Qc7 10. Be2 g5 11. Bg3 Be7 12. Kb1 Ne5 13. Qe3 Bd7 14. h4 g4 15. h5 b5 16. a3 Rb8 17. f4 gxf3 18. gxf3 Nc4 19. Bxc4 bxc4 20. e5 Qb6 21. Kc1 dxe5 22. Bxe5 Rb7 23. Kd2 Qa5 24. Ke2 Rg8 25. Rhg1 Rxg1 26. Rxg1 Rxb2 27. Bxf6 Bxf6 28. Rg8+ Ke7 29. Qxh6 Bxd4 30. Qf8+ Kf6 31. Ne4+ Ke5 32. Qd6+ 1-0

[Event "RUS-ch KO"]
[Site "Moscow"]
[Date "1999.12.15"]
[Round "1.1"]
[White "Zaitsev, Igor A"]
[Black "Loginov, Valery A"]
[Result "0-1"]
[WhiteElo "2420"]
[BlackElo "2530"]
[PlyCount "144"]
[EventDate "1999.12.04"]
[Source "ChessBase"]
[SourceDate "2000.04.05"]

1. e4 c5 2. Nf3 d6 3. d4 cxd4 4. Nxd4 Nf6 5. Nc3 a6 6. Bg5 e6 7. Qf3 h6 8. Be3 Nbd7 9. Be2 Qc7 10. O-O b5 11. a3 Bb7 12. Qh3 Be7 13. Rae1 Nc5 14. Bd3 d5 15. exd5 Nxd3 16. cxd3 Nxd5 17. Nxd5 Bxd5 18. Rc1 Qd7 19. Qg3 Bf6 20. Rc7 Qd8 21. Ne2 h5 22. Bd4 Bxd4 23. Nxd4 O-O 24. Nc6 Bxc6 25. Rxc6 Qd4 26. Rc3 b4 27. Rc4 Qxb2 28. axb4 Rad8 29. Rc5 Qxb4 30. Rxh5 Qc3 31. Rh3 Qf6 32. Qf3 Qxf3 33. Rxf3 Rd5 34. Ra1 a5 35. g3 Ra8 36. Ra4 e5 37. Re3 f6 38. Kf1 Rd4 39. Ra3 Kf7 40. Re2 g5 41. h3 a4 42. Rb2 Ra6 43. Ke2 Ke6 44. Rb8 Kd6 45. Ke3 Kc7 46. Rf8 Kd7 47. Ke2 Rb4 48. Ke3 Ke7 49. Rh8 Kd6 50. h4 gxh4 51. gxh4 Ke6 52. h5 Rh4 53. Rc8 Rb6 54. Rc4 Rh3+ 55. Kd2 Rb2+ 56. Rc2 Rb4 57. Rc6+ Kf5 58. Ra6 Rb2+ 59. Kc3 Rxf2 60. R3xa4 Rxh5 61. Ra2 Rhh2 62. Rxf2+ Rxf2 63. Ra4 Re2 64. Ra1 Kg6 65. Rg1+ Kf7 66. Rh1 f5 67. Kc4 Kf6 68. Kd5 Re3 69. Rh6+ Kg5 70. Rh1 f4 71. d4 exd4 72. Kxd4 Re8 0-1

[Event "7th Amplico AIG Life"]
[Site "Warsaw POL"]
[Date "2007.12.15"]
[Round "6"]
[White "Piorun, K."]
[Black "Kempinski, R."]
[Result "0-1"]
[WhiteElo "2353"]
[BlackElo "2596"]
[PlyCount "140"]
[EventDate "2007.12.15"]
[Source "www.chesslib.no"]
[SourceDate "2004.05.04"]

1. e4 c5 2. Nf3 d6 3. d4 cxd4 4. Nxd4 Nf6 5. Nc3 a6 6. Bg5 e6 7. Qd2 h6 8. Bxf6 Qxf6 9. O-O-O Nc6 10. Kb1 Nxd4 11. Qxd4 Qxd4 12. Rxd4 Bd7 13. Bc4 g5 14. Bb3 Bc6 15. f3 O-O-O 16. Ne2 Bg7 17. Rd2 Kc7 18. Nd4 Bd7 19. c3 h5 20. Kc2 Be5 21. Kd3 Rdg8 22. Rf2 b5 23. g3 h4 24. Rg1 hxg3 25. hxg3 Rh3 26. Ne2 Bc6 27. Kd2 Rg7 28. f4 gxf4 29. gxf4 Bf6 30. Bc2 Rh4 31. Rfg2 Rxg2 32. Rxg2 Kd7 33. Ke3 Rh3+ 34. Rg3 Rh2 35. Bd3 Bh4 36. Rg7 Ke7 37. b4 Bf2+ 38. Kd2 Rh1 39. Kc2 Re1 40. Kd2 Ra1 41. Nc1 Be1+ 42. Kc2 Bxc3 43. Kxc3 Rxc1+ 44. Kb2 Re1 45. Kc3 Re3 46. Kd2 Rf3 47. Rg4 Rf2+ 48. Ke3 Rxa2 49. Kd4 Ra3 50. Bc2 Rf3 51. e5 Bd5 52. Rh4 Rf2 53. Kc3 Re2 54. exd6+ Kxd6 55. Rh6 Re3+ 56. Kd4 Rf3 57. f5 Rf4+ 58. Ke3 Rxb4 59. fxe6 fxe6 60. Rh7 Rc4 61. Bd3 Rc3 62. Kd4 Ra3 63. Rh6 Ra4+ 64. Kc3 Kc5 65. Bc2 Rf4 66. Rh5 a5 67. Kb2 Rf2 68. Kc1 a4 69. Rh8 a3 70. Rh3 Rf1+ 0-1

[Event "otb"]
[Site "otb"]
[Date "2007.03.15"]
[Round "6"]
[White "Chadaev Nikolay"]
[Black "Lanin Alexsej"]
[Result "0-1"]
[WhiteElo "2484"]
[BlackElo "2465"]
[PlyCount "88"]
[Source "www.chesslib.no"]
[SourceDate "2004.05.04"]

1. e4 c5 2. Nf3 d6 3. d4 cxd4 4. Nxd4 Nf6 5. Nc3 a6 6. Bg5 e6 7. Qf3 Nbd7 8. O-O-O Be7 9. Be2 Qc7 10. Rhe1 h6 11. Be3 b5 12. e5 Bb7 13. exd6 Bxd6 14. Qh3 Bb4 15. Bd2 O-O 16. Bf3 Bxf3 17. Qxf3 Rac8 18. Ne4 Be7 19. Kb1 Nxe4 20. Qxe4 Nf6 21. Qe2 Rfd8 22. Bc1 Nd5 23. h3 Bf6 24. Nf3 Nc3+ 25. bxc3 Rxd1 26. Qxd1 Qxc3 27. Ne5 Bxe5 28. Rxe5 Qxe5 29. Bb2 Qd5 30. Qg4 Qg5 31. Qf3 Rd8 32. Bc3 Qd5 33. Qg3 Qg5 34. Qf3 Rd5 35. g4 b4 36. Bxb4 Rb5 37. a3 Qd5 38. Qe2 Qc6 39. c4 Rb7 40. Ka2 Qa4 41. Qd2 a5 42. Qd8+ Kh7 43. Qxa5 Qc2+ 44. Ka1 Rd7 0-1

[Event "BL2-Ost 0203"]
[Site "?"]
[Date "2003.01.26"]
[Round "5.1"]
[White "Voekler Bernd"]
[Black "Navara David"]
[Result "1/2-1/2"]
[WhiteElo "2382"]
[BlackElo "2567"]
[PlyCount "85"]
[EventDate "2003.??.??"]
[Source "www.chesslib.no"]
[SourceDate "2004.05.04"]

1. e4 c5 2. Nf3 d6 3. d4 cxd4 4. Nxd4 Nf6 5. Nc3 a6 6. Bg5 e6 7. Qe2 Be7 8. O-O-O h6 9. Bh4 Nxe4 10. Bxe7 Nxc3 11. Bxd8 Nxe2+ 12. Nxe2 Kxd8 13. Rxd6+ Ke7 14. Rd2 b5 15. g3 Bb7 16. Rg1 Nd7 17. Bg2 Bxg2 18. Rxg2 Ne5 19. Nd4 g5 20. f4 gxf4 21. gxf4 Nc4 22. Rd3 Rag8 23. Rgg3 Kf6 24. b3 Nd6 25. Kb2 Rxg3 26. hxg3 h5 27. Ne2 Ne4 28. Re3 Nf2 29. Ka3 Rd8 30. Rf3 Ne4 31. Re3 Kf5 32. Kb4 Rd2 33. Ka5 Nd6 34. Kxa6 Kg4 35. a4 bxa4 36. bxa4 Rxc2 37. Re5 f5 38. a5 Ne4 39. Nd4 Ra2 40. Kb6 Nxg3 41. a6 h4 42. Ra5 Rxa5 43. Kxa5 1/2-1/2

[Event "Chalapathi GM"]
[Site "Guntur, AP"]
[Date "2000.04.10"]
[Round "8"]
[White "Yurtaev, Leonid"]
[Black "Saravanan, Venkat"]
[Result "1-0"]
[WhiteElo "2536"]
[BlackElo "2412"]
[PlyCount "81"]
[EventDate "2000.04.03"]
[Source "ChessBase"]
[SourceDate "2000.07.27"]

1. e4 c5 2. Nf3 d6 3. d4 cxd4 4. Nxd4 Nf6 5. Nc3 a6 6. Bg5 e6 7. Qd3 Nbd7 8. Be2 b5 9. a3 Bb7 10. f4 Qc7 11. Bf3 Rc8 12. O-O-O Be7 13. Rhe1 O-O 14. Kb1 Rfe8 15. Nb3 e5 16. g3 Bc6 17. Nd5 Nxd5 18. exd5 Ba8 19. Bg4 Bxg5 20. fxg5 Rb8 21. Bf5 g6 22. Bxd7 Qxd7 23. Nd2 Kg7 24. Ne4 Red8 25. Rf1 b4 26. Rf6 bxa3 27. Qxa3 Qg4 28. Qf3 Qxf3 29. Rxf3 Rb4 30. Nf6 Rdb8 31. b3 a5 32. Kb2 a4 33. h4 Bb7 34. Rc3 axb3 35. Rxb3 Bc8 36. Ne8+ Kf8 37. Nxd6 Bd7 38. Nc4 Rxb3+ 39. cxb3 e4 40. Kc3 Kg7 41. Ra1 1-0

[Event "Alma-Ata"]
[Site "Alma Ata KAZ"]
[Date "1995.??.??"]
[Round "3"]
[White "Yurtaev, Leonid"]
[Black "Dzuban, Oleg I"]
[Result "1-0"]
[WhiteElo "2505"]
[BlackElo "2440"]
[PlyCount "213"]
[EventDate "1995.??.??"]
[Source "www.chesslib.no"]
[SourceDate "2004.05.04"]

1. e4 c5 2. Nf3 d6 3. d4 cxd4 4. Nxd4 Nf6 5. Nc3 a6 6. Bg5 e6 7. Be2 Be7 8. O-O Qc7 9. Qd3 Nc6 10. Rad1 Nxd4 11. Qxd4 Bd7 12. Rd3 Bc6 13. Rfd1 b5 14. a3 Qa7 15. Qxa7 Rxa7 16. f3 O-O 17. Be3 Rb7 18. Na2 d5 19. Rc3 Be8 20. e5 Nd7 21. f4 Nb6 22. b3 a5 23. Bc5 f6 24. exf6 gxf6 25. Bxe7 Rxe7 26. Rc5 Bg6 27. Bxb5 Rc8 28. Rxc8+ Nxc8 29. Bd3 Rc7 30. b4 Bxd3 31. cxd3 Rc2 32. Ra1 a4 33. b5 Nd6 34. b6 Kf7 35. Nb4 Rc5 36. Kf2 h5 37. Kf3 Rb5 38. Rc1 Rxb6 39. Rc7+ Kg6 40. Ra7 Nb5 41. Rxa4 Nxa3 42. Nxd5 Rb3 43. Nc7 Nc2 44. Ke4 f5+ 45. Ke5 Rxd3 46. Nxe6 Re3+ 47. Kd6 Kf6 48. Nc7 Re2 49. Nd5+ Kg6 50. Ra6 h4 51. h3 Nd4 52. Nc7 Kf7 53. Ra7 Kg6 54. Ra4 Nc2 55. Ra8 Ne3 56. Re8 Rd2+ 57. Ke5 Nc4+ 58. Ke6 Ne3 59. Rg8+ Kh7 60. Rg5 Kh6 61. Kf6 Rxg2 62. Rxg2 Nxg2 63. Nd5 Ne1 64. Kxf5 Nd3 65. Kg4 Nf2+ 66. Kxh4 Kg6 67. Ne3 Nd3 68. Kg4 Nf2+ 69. Kg3 Nd3 70. Kf3 Kh5 71. Ng2 Kg6 72. Ke3 Nc5 73. Kd4 Nd7 74. Nh4+ Kf6 75. Kd5 Nf8 76. Ke4 Ne6 77. Ng2 Nc5+ 78. Kf3 Nd3 79. Ke3 Nc5 80. h4 Kg6 81. Kd4 Nd7 82. Ke4 Nc5+ 83. Ke5 Nd3+ 84. Kd4 Nf2 85. Ne3 Kh5 86. f5 Kxh4 87. f6 Nh3 88. Ke5 Ng5 89. Kf5 Kh5 90. Ng4 Nf7 91. Nf2 Nd8 92. Ne4 Kh6 93. Ng5 Kh5 94. Ne6 Nf7 95. Nf4+ Kh6 96. Ke6 Nh8 97. Nd3 Kh7 98. Ne5 Kg8 99. Ke7 Kh7 100. Kf8 Kh6 101. Kg8 Kg5 102. Kg7 Kf5 103. Nf3 Ke6 104. Ng5+ Kf5 105. Nh7 Ke6 106. Ng5+ Kf5 107. Ne4 1-0

[Event "Telecom Open"]
[Site "Dublin IRL"]
[Date "1991.??.??"]
[Round "?"]
[White "Ziatdinov, Raset"]
[Black "Szekely, Peter"]
[Result "1-0"]
[WhiteElo "2515"]
[BlackElo "2430"]
[PlyCount "53"]
[EventDate "1991.03.??"]
[Source "www.chesslib.no"]
[SourceDate "2004.05.04"]

1. e4 c5 2. Nf3 d6 3. d4 cxd4 4. Nxd4 Nf6 5. Nc3 a6 6. Bg5 e6 7. Qe2 Be7 8. h4 Qc7 9. O-O-O Nbd7 10. g4 b5 11. a3 Bb7 12. Bh3 h6 13. Bxf6 gxf6 14. f4 Nb6 15. f5 e5 16. Nb3 Bc8 17. Kb1 Nc4 18. Nc1 h5 19. N1a2 Nb6 20. Nb4 hxg4 21. Qxg4 Kd7 22. Qe2 Qc5 23. h5 Bb7 24. Qg4 Kc7 25. Ncd5+ Nxd5 26. Nxd5+ Bxd5 27. exd5 1-0

[Event "Pula op"]
[Site "Pula"]
[Date "2002.05.15"]
[Round "5"]
[White "Mazi, Leon"]
[Black "Stocek, Jiri"]
[Result "1/2-1/2"]
[WhiteElo "2378"]
[BlackElo "2566"]
[PlyCount "115"]
[EventDate "2002.05.12"]
[Source "ChessBase"]
[SourceDate "2002.07.08"]

1. e4 c5 2. Nf3 d6 3. d4 cxd4 4. Nxd4 Nf6 5. Nc3 a6 6. Bg5 e6 7. Qf3 Nbd7 8. O-O-O h6 9. Be3 Qc7 10. Qg3 e5 11. Nb3 b5 12. a3 Rb8 13. f3 Nb6 14. Qe1 Na4 15. Na2 Be6 16. Kb1 d5 17. exd5 Nxd5 18. Bd2 Be7 19. Nb4 Nxb4 20. Bxb4 O-O 21. Bxe7 Rfc8 22. Bd3 Qxe7 23. Qxe5 Nc3+ 24. bxc3 Qxa3 25. Rd2 a5 26. Bf5 Bxf5 27. Qxf5 a4 28. Rd7 Rf8 29. Ra7 b4 30. c4 Ra8 31. Rxa8 Rxa8 32. Nc1 b3 33. c3 Rd8 34. Re1 Qd6 35. c5 Qd2 36. Re7 Qxc3 37. Qxf7+ Kh7 38. Qf5+ Kh8 39. Qe4 Qxc5 40. Re8+ Rxe8 41. Qxe8+ Kh7 42. Qe4+ Kh8 43. g4 Qc3 44. Qd3 Qe1 45. Qd8+ Kh7 46. h4 Qf2 47. Qd3+ Kg8 48. g5 hxg5 49. hxg5 Kf7 50. Ne2 a3 51. Qxb3+ Kg6 52. Qe6+ Kxg5 53. Qg4+ Kf6 54. Qf4+ Kg6 55. Qe4+ Kf6 56. Ka2 Qc5 57. Nf4 Qe5 58. Nd3 1/2-1/2

[Event "Ciocaltea mem"]
[Site "Bucharest"]
[Date "1999.03.11"]
[Round "8"]
[White "Vukovic, Zdravko"]
[Black "Florean, Andrei"]
[Result "1/2-1/2"]
[WhiteElo "2483"]
[BlackElo "2459"]
[PlyCount "118"]
[EventDate "1999.03.04"]
[Source "ChessBase"]
[SourceDate "1999.06.08"]

1. e4 c5 2. Nf3 d6 3. d4 cxd4 4. Nxd4 Nf6 5. Nc3 a6 6. Bg5 e6 7. Qd3 Nbd7 8. f4 h6 9. Bh4 Be7 10. O-O-O g5 11. fxg5 Ng4 12. Nf3 hxg5 13. Bg3 Nge5 14. Qd4 Qc7 15. Be2 b5 16. a3 Rb8 17. Rhf1 Qb6 18. h3 Qxd4 19. Rxd4 Nxf3 20. Bxf3 Ne5 21. Be2 Bd7 22. Rfd1 f6 23. b4 Kf7 24. Rxd6 Bxd6 25. Rxd6 Bc8 26. Bxe5 fxe5 27. Nd1 Ke7 28. Rd3 Bb7 29. Bf3 Rhd8 30. Rxd8 Rxd8 31. Nf2 Rd4 32. c3 Rd8 33. Ng4 Kd6 34. Kd2 Bc6 35. Nf2 a5 36. Nd3 axb4 37. axb4 Ra8 38. Nc1 Rh8 39. Ke3 Be8 40. Be2 Rh7 41. Bd3 Ra7 42. Be2 Ra3 43. Kd2 Kc6 44. Bf3 Bg6 45. Kc2 Kd6 46. Kd2 Ra8 47. Ke3 Re8 48. Ne2 Ke7 49. Kd2 Rd8+ 50. Ke3 Rd1 51. Ng3 Rb1 52. Ne2 Rb2 53. Nc1 Be8 54. Ne2 Kf6 55. Nc1 Rc2 56. Ne2 Kg7 57. Kd3 Rb2 58. Ke3 Kh6 59. Ng3 Ra2 1/2-1/2